00434nam a22001217a 4500003000400000082001700004100001800021245015700039260004400196300000800240650003200248653003200280SGT a617.63bM23V aVijay, Shruti aMorphometric analysis of Mental Foramen, Accessory mental foramen and Anterior Loop of inferior alveolar nerve canal using Cone Beam Computed Tomography aGurugram, HaryanabSGT Universityc2023 a153 aOral Medicine and Radiology aOral Medicine and Radiology